| Record ID | ia:againstdarkbackg00iain_0 |
| Source | Internet Archive |
| Download MARC XML | https://archive.org/download/againstdarkbackg00iain_0/againstdarkbackg00iain_0_marc.xml |
| Download MARC binary | https://www.archive.org/download/againstdarkbackg00iain_0/againstdarkbackg00iain_0_meta.mrc |
LEADER: 00985nam a2200361 a 4500
001 009624370
003 MiU
005 20110328142757.0
008 081217s2009 nyu 000 1 eng
010 $a2008943743
020 $a9780316036375 (pbk.)
020 $a0316036374 (pbk.)
035 $a(OCoLC)569111906
035 $a(OCoLC)ocn569111906
040 $aDLC$cDLC$dQT5
050 00 $aPR6052.A485$bA73 2009
082 00 $a823/.914$222
100 1 $aBanks, Iain,$d1954-2013.
245 10 $aAgainst a dark background /$cIain M. Banks.
260 $aNew York :$bOrbit,$c2009.
300 $a626 p. ;$c21 cm.
655 7 $aScience fiction.$2gsafd
650 0 $aWomen soldiers$vFiction.
650 0 $aAssassins$vFiction.
650 0 $aScience fiction.
852 0 $aMiU$bHATCH$cGRAD$hPR 6052 .A485 A73 2009
970 $aBK$bBook
971 $aMiU
972 $c20110328
973 $aAC$bavail_circ
994 $aZ0$bEYM
997 $aMARS
998 $ctkari-monorec CopyCat20110328